Catálogo
 En Linea

Sexo es lo que somos, no lo que hacemos: (Registro nro. 52752)

Detalles MARC
000 -CABECERA
campo de control de longitud fija 01055nam a2200277 a 4500
003 - IDENTIFICADOR DEL NÚMERO DE CONTROL
campo de control DO-SdBNP
005 - FECHA Y HORA DE LA ÚLTIMA TRANSACCIÓN
campo de control 20221102155403.0
007 - CAMPO FIJO DE DESCRIPCIÓN FÍSICA--INFORMACIÓN GENERAL
campo de control de longitud fija ta
008 - DATOS DE LONGITUD FIJA--INFORMACIÓN GENERAL
campo de control de longitud fija 221102e2022 xu ad||er|||| 001 0dspa d
020 ## - NÚMERO INTERNACIONAL ESTÁNDAR DEL LIBRO
Número Internacional Estándar del Libro 9780984189793
040 ## - FUENTE DE LA CATALOGACIÓN
Centro catalogador/agencia de origen DO-SdBNP
Lengua de catalogación spa
Centro/agencia transcriptor BNPHU
082 #4 - NÚMERO DE LA CLASIFICACIÓN DECIMAL DEWEY
Número de edición 22
Número de documento/Ítem Z88s
245 10 - MENCIÓN DE TÍTULO
Título Sexo es lo que somos, no lo que hacemos:
Resto del título (la sexualidad científica en el mundo de hoy). /
Mención de responsabilidad, etc. Hector Willimas Zorrilla, Jenifer M. Vanderhorst; Prólogo, Ángela Rodríguez Berrero, María Linandra Javier,
260 ## - PUBLICACIÓN, DISTRIBUCIÓN, ETC.
Lugar de publicación, distribución, etc. United States of America :
Nombre del editor, distribuidor, etc. Living Mission Ministries,
Fecha de publicación, distribución, etc. 2022
300 ## - DESCRIPCIÓN FÍSICA
Extensión 267 p. :
Otras características físicas il., gráf. ;
Dimensiones 23 cm.
500 ## - NOTA GENERAL
Nota general Incluye glosario p. 246 - 260
504 ## - NOTA DE BIBLIOGRAFÍA, ETC.
Nota de bibliografía, etc. Bibliografía: 261 - 263
590 ## - NOTA LOCAL (RLIN)
Nota local Inventariado 2022 / MF
650 #4 - PUNTO DE ACCESO ADICIONAL DE MATERIA--TÉRMINO DE MATERIA
9 (RLIN) 76448
Término de materia o nombre geográfico como elemento de entrada Sexualidad
Subdivisión general Enseñanza
650 #4 - PUNTO DE ACCESO ADICIONAL DE MATERIA--TÉRMINO DE MATERIA
9 (RLIN) 2374
Término de materia o nombre geográfico como elemento de entrada Educación Sexual
Subdivisión geográfica América Latina
700 1# - PUNTO DE ACCESO ADICIONAL--NOMBRE DE PERSONA
Nombre de persona Vanderhorst, Jenifer M.
9 (RLIN) 82667
700 1# - PUNTO DE ACCESO ADICIONAL--NOMBRE DE PERSONA
Nombre de persona Rodríguez Berrero, Ángela,
Término indicativo de función/relación pról.
9 (RLIN) 82668
700 1# - PUNTO DE ACCESO ADICIONAL--NOMBRE DE PERSONA
Nombre de persona Javier, María Linandra
Término indicativo de función/relación pról.
9 (RLIN) 82669
910 ## - DATOS DE OPCIÓN DEL USUARIO (OCLC)
Datos de opción del usuario MFeliz
942 ## - ELEMENTOS DE PUNTO DE ACCESO ADICIONAL (KOHA)
Fuente del sistema de clasificación o colocación Dewey Decimal Classification
Tipo de ítem Koha Libro
Existencias
Estado de retiro Estado de pérdida Fuente del sistema de clasificación o colocación Restricciones de uso No para préstamo Código de colección Localización permanente Ubicación/localización actual Ubicación en estantería Fecha de adquisición Fuente de adquisición Signatura topográfica completa Código de barras Fecha visto por última vez Precio válido a partir de Tipo de ítem Koha Número de copia
    Dewey Decimal Classification Préstamo en sala   General Biblioteca Nacional Pedro Henríquez Ureña Biblioteca Nacional Pedro Henríquez Ureña En catalogación 08.09.2022 Depósito legal / Héctor Zorrilla Z88s 2022-4805 02.11.2022 02.11.2022 Libro  
    Dewey Decimal Classification Préstamo en sala   General Biblioteca Nacional Pedro Henríquez Ureña Biblioteca Nacional Pedro Henríquez Ureña En catalogación 08.09.2022 Depósito legal / Héctor Zorrilla Z88s 2022-4806 02.11.2022 02.11.2022 Libro e.2

Con tecnología Koha